All NHL Players at 2026 Olympics - Statistics

General Stats
  • This quiz has been taken 100 times
  • The average score is 56 of 147
Answer Stats
Hint Answer % Correct
EDM Connor McDavid
88%
COL Nathan MacKinnon
88%
COL Cale Makar
82%
PIT Sidney Crosby
82%
SJS Macklin Celebrini
79%
FLA Brad Marchand
71%
MTL Nick Suzuki
71%
WSH Logan Thompson
69%
VGK Mark Stone
68%
CAR Seth Jarvis
68%
BUF Tage Thompson
68%
OTT Brady Tkachuk
67%
STL Jordan Binnington
67%
FLA Matthew Tkachuk
67%
COL Devon Toews
64%
LAK Drew Doughty
64%
NJD Jack Hughes
64%
MIN Quinn Hughes
64%
TBL Brandon Hagel
61%
VGK Jack Eichel
61%
DAL Mikko Rantanen
61%
CAR Sebastian Aho
60%
WSH Tom Wilson
60%
TOR Auston Matthews
58%
FLA Sam Reinhart
58%
MTL Juraj Slafkovsky
57%
WPG Kyle Connor
57%
COL Martin Necas
57%
VGK Mitch Marner
57%
FLA Sam Bennet
57%
DAL Thomas Harley
56%
NYI Bo Horvat
53%
DET Mortiz Seider
53%
BOS Charlie McAvoy
51%
STL Colton Parayko
51%
ANA Radko Gudas
50%
PHI Travis Sanheim
50%
WPG Connor Hellebuyck
49%
MIN Joel Eriksson Ek
49%
WPG Josh Morrissey
49%
MIN Matt Boldy
49%
ANA Lukas Dostal
47%
DAL Miro Heiskanen
47%
NSH Roman Josi
47%
OTT Tim Stutzle
47%
CBJ Zach Werenski
47%
UTA Clayton Keller
46%
DET Dylan Larkin
46%
CAR Nikolaj Ehlers
46%
VGK Shea Theodore
46%
LAK Darcy Kuemper
44%
COL Gabriel Landeskog
44%
BOS Jeremy Swayman
44%
DAL Roope Hintz
44%
LAK Kevin Fiala
43%
FLA Anton Lundell
42%
PIT Erik Karlsson
42%
NYR J.T. Miller
42%
BUF Rasmus Dahlin
42%
COL Brock Nelson
40%
VAN Elias Pettersson
40%
DAL Esa Lindell
40%
NYR Mika Zibanejad
40%
TOR William Nylander
40%
CAR Frederik Andersen
39%
NYR Vincent Trochek
39%
LAK Adrian Kempe
38%
COL Artturi Lehkonen
38%
MIN Brock Faber
38%
CAR Jaccob Slavin
38%
TBL Jake Guentzel
38%
NSH Juuse Saros
38%
BOS Elias Lindholm
36%
NSH Filip Forsberg
36%
BOS Hampus Lindholm
36%
ANA Mikael Granlund
36%
TBL Victor Hedman
36%
NJD Nico Hischier
35%
CHI Tuevo Teravainen
35%
OTT Jake Sanderson
33%
DET Lucas Raymond
32%
FLA Niko Mikkola
32%
FLA Gustav Forsling
31%
NJD Jesper Bratt
31%
MTL Oliver Kapanen
31%
FLA Eetu Luostarinen
29%
VAN Filip Hronek
29%
SEA Kaapo Kakko
29%
EDM Leon Draisatl
29%
CBJ Elvis Merzlikins
28%
LAK Joel Armia
28%
BOS Joonas Korpisalo
28%
SEA Phillip Grubauer
28%
NJD Simon Nemec
28%
NJD Timo Meier
28%
DAL Jake Ottinger
26%
COL Joel Kiviranta
26%
OTT Lars Eller
26%
OTT Nikolas Matinpalo
26%
VGK Noah Hanifin
26%
TBL Erik Cernak
25%
MIN Filip Gustavsson
25%
ANA Jacskon LaCombe
25%
UTA Karel Vejmelka
25%
VAN Kevin Lankinen
25%
PHI Rasmus Ristolainen
25%
VGK Tomas Hertl
25%
BOS David Pastarnak
24%
BOS Henri Jokiharju
24%
UTA JJ Peterka
24%
PIT Rickard Rakell
24%
STL Dalibor Dvorsky
22%
PHI Dan Vladar
22%
MIN Jesper Wallstedt
22%
TOR Oliver Ekman-Larsson
22%
NYI Ondrej Palat
22%
DAL Radek Faksa
22%
SEA Eeli Tolvanen
21%
NSH Erik Haula
21%
TBL Oliver Bjorkstrand
21%
UTA Olli Maatta
21%
VGK Rasmus Andersson
21%
FLA UIvis Balinskis
21%
NJD Jacob Markstrom
19%
WPG Nino Niederreiter
19%
SJS Alexander Wennberg
18%
TBL J.J. Moser
18%
NJD Jonas Siegenthaler
18%
WSH Martin Fehervary
18%
CGY Martin Pospisil
18%
MIN Nico Sturm
18%
MTL Alexandre Texier
15%
PIT Arturs Silovs
15%
MIN Marcus Johansson
15%
STL Philip Broberg
15%
TBL Pontus Holmberg
15%
VAN Teddy Blueger
15%
TBL Zemgus Girgensons
15%
VGK Akira Schmid
14%
EDM Josh Samanski
14%
OTT Mads Sogaard
14%
SJS Pavol Regenda
14%
VAN David Kampf
11%
SJS Philip Kurashev
8%
STL Pius Suter
7%
SEA Oscar Fisker Molgaard
6%
FLA Sandis Vilmanis
3%
No matching quizzes found
Score Distribution
Percent of People with Each Score
Percentile by Number Answered
Your Score History
You have not taken this quiz